| 000 | 01124nam a2200241Ia 4500 | ||
|---|---|---|---|
| 003 | Ost | ||
| 005 | 20260416102355.0 | ||
| 008 | 260416s9999||||xx |||||||||||||| ||und|| | ||
| 040 | _cfsecg | ||
| 041 | _aara | ||
| 082 | _a1.42 | ||
| 100 |
_aأيت محمد، محمد _eمؤلف |
||
| 245 | 0 |
_a منهجية البحث العلمي / _c محمد أيت محمد |
|
| 260 |
_aالجزائر _bجامعة الجزائر3: كلية العلوم الإقتصادية، العلوم التجارية وعلوم التسيير _c2019 |
||
| 300 |
_a50 ورقة _c30 سم |
||
| 504 | _aمراجع ص.49 | ||
| 520 | _aمفهوم و خصائص و انواع البحث العلمي ، منهجية البحث العلمي و مناهج البحث العلمي ، البحوث الجامعية ، العينات ، أساليب جمع البيانات . | ||
| 653 | _aالبحث | ||
| 653 | _aالمنهجية | ||
| 653 | _aطرق البحث | ||
| 710 |
_aجامعة الجزائر3: كلية العلوم الإقتصادية، العلوم التجارية وعلوم التسيير _eناشر علمي |
||
| 942 | _cHANDOUT | ||
| 999 |
_c41171 _d41171 |
||